<?xml version="1.0" encoding="UTF-8"?>
<record
    xmlns:xsi="http://www.w3.org/2001/XMLSchema-instance"
    xsi:schemaLocation="http://www.loc.gov/MARC21/slim http://www.loc.gov/standards/marcxml/schema/MARC21slim.xsd"
    xmlns="http://www.loc.gov/MARC21/slim">

  <leader>03133njm a2200457Ia 4500</leader>
  <controlfield tag="001">25612</controlfield>
  <controlfield tag="003">IT-RoPAU</controlfield>
  <controlfield tag="005">20220918181126.0</controlfield>
  <controlfield tag="008">131025s9999    xx            000 0 und d</controlfield>
  <datafield tag="040" ind1=" " ind2=" ">
    <subfield code="a">IT-RoPAU</subfield>
  </datafield>
  <datafield tag="040" ind1=" " ind2=" ">
    <subfield code="c">IT-RoPAU</subfield>
  </datafield>
  <datafield tag="041" ind1=" " ind2=" ">
    <subfield code="a">ITALIANO</subfield>
  </datafield>
  <datafield tag="999" ind1=" " ind2=" ">
    <subfield code="c">100139</subfield>
    <subfield code="d">100139</subfield>
  </datafield>
  <datafield tag="999" ind1=" " ind2=" ">
    <subfield code="b">n.d.</subfield>
  </datafield>
  <datafield tag="100" ind1=" " ind2=" ">
    <subfield code="a">AA.VV.</subfield>
    <subfield code="9">794</subfield>
  </datafield>
  <datafield tag="100" ind1=" " ind2=" ">
    <subfield code="e">Autore musica</subfield>
    <subfield code="9">12533</subfield>
  </datafield>
  <datafield tag="100" ind1=" " ind2=" ">
    <subfield code="g">Codice autore musica SPICS: 12000</subfield>
    <subfield code="9">796</subfield>
  </datafield>
  <datafield tag="245" ind1=" " ind2=" ">
    <subfield code="a">Vecchia Roma-Canzoni popolari romanesche</subfield>
  </datafield>
  <datafield tag="250" ind1=" " ind2=" ">
    <subfield code="a">1a ed.</subfield>
  </datafield>
  <datafield tag="260" ind1=" " ind2=" ">
    <subfield code="a">MILANO</subfield>
  </datafield>
  <datafield tag="260" ind1=" " ind2=" ">
    <subfield code="b">JOKER - W. GURTLER</subfield>
    <subfield code="c">1969 [1a Ed.:1969]</subfield>
  </datafield>
  <datafield tag="300" ind1=" " ind2=" ">
    <subfield code="a">DISCO</subfield>
  </datafield>
  <datafield tag="500" ind1=" " ind2=" ">
    <subfield code="a">Canzone Italiana. Canzoni popolari romanesche. Roma. Stornelli</subfield>
  </datafield>
  <datafield tag="505" ind1=" " ind2=" ">
    <subfield code="a">Dindorindella trasteverina (Pizzi Nilla) - Fiori trasteverini (Bosco Armandino) - Tintarella fuori porta (Polifemo) - La Balilla (Polifemo) - Vecchia Roma (Basurto Antonio) - Serenata trasteverina (Bosco Armandino) - La ciociara (Autore Michele) - La ricciarola (Bosco Armandino) - La ballata del carcerato (Pizzi Nilla) - Nina se voi dormite (Polifemo) - Arrivederci Roma (Rascel Renato) - De qua e de l&#xE0; der fiume (Polifemo) - Stornelli a la fiumana (Pizzi Nilla) - Osterie romane (Bosco Armandino)</subfield>
  </datafield>
  <datafield tag="650" ind1=" " ind2=" ">
    <subfield code="a">POPOLARE [DISCHI]</subfield>
    <subfield code="e">Codice MATERIA SPICS: 9950</subfield>
    <subfield code="9">12534</subfield>
  </datafield>
  <datafield tag="700" ind1=" " ind2=" ">
    <subfield code="a">Valleroni</subfield>
    <subfield code="d">Codice autore musica SPICS: 27690</subfield>
    <subfield code="e">Autore musica</subfield>
    <subfield code="p">Dindorindella trasteverina</subfield>
    <subfield code="9">12535</subfield>
  </datafield>
  <datafield tag="700" ind1=" " ind2=" ">
    <subfield code="a">De Matteo</subfield>
    <subfield code="d">Codice autore SPICS: 27691</subfield>
    <subfield code="e">Autore</subfield>
    <subfield code="p">Dindorindella trasteverina - La ballata del carcerato - Stornelli a la fiumana</subfield>
    <subfield code="9">12536</subfield>
  </datafield>
  <datafield tag="700" ind1=" " ind2=" ">
    <subfield code="a">Galba</subfield>
    <subfield code="d">Codice autore testo/musica SPICS: 27692</subfield>
    <subfield code="e">Autore testo/musica</subfield>
    <subfield code="p">Dindorindella trasteverina - La ballata del carcerato - Stornelli a la fiumana</subfield>
    <subfield code="9">12537</subfield>
  </datafield>
  <datafield tag="700" ind1=" " ind2=" ">
    <subfield code="a">Balzani Romolo</subfield>
    <subfield code="d">Codice autore testo/musica SPICS: 13637</subfield>
    <subfield code="e">Autore testo/musica</subfield>
    <subfield code="p">Fiori trasteverini</subfield>
    <subfield code="9">12538</subfield>
  </datafield>
  <datafield tag="700" ind1=" " ind2=" ">
    <subfield code="a">Calabrese Giorgio</subfield>
    <subfield code="d">Codice autore musica SPICS: 1368</subfield>
    <subfield code="e">Autore musica</subfield>
    <subfield code="p">Tintarella fuori porta</subfield>
    <subfield code="9">12539</subfield>
  </datafield>
  <datafield tag="700" ind1=" " ind2=" ">
    <subfield code="a">Rascel Renato</subfield>
    <subfield code="d">Codice autore testo/musica SPICS: 13602</subfield>
    <subfield code="e">Autore testo/musica</subfield>
    <subfield code="p">Tintarella fuori porta - Arrivederci Roma</subfield>
    <subfield code="9">12540</subfield>
  </datafield>
  <datafield tag="700" ind1=" " ind2=" ">
    <subfield code="a">Pigini</subfield>
    <subfield code="d">Codice autore testo/musica SPICS: 27693</subfield>
    <subfield code="e">Autore testo/musica</subfield>
    <subfield code="p">La Balilla - De qua e de l&#xE0; der fiume - Osterie romane</subfield>
    <subfield code="9">12541</subfield>
  </datafield>
  <datafield tag="700" ind1=" " ind2=" ">
    <subfield code="a">Martelli G.Bruno</subfield>
    <subfield code="d">Codice autore musica SPICS: 14244</subfield>
    <subfield code="e">Autore musica</subfield>
    <subfield code="p">Vecchia Roma</subfield>
    <subfield code="9">12542</subfield>
  </datafield>
  <datafield tag="700" ind1=" " ind2=" ">
    <subfield code="a">Ruccione Mario</subfield>
    <subfield code="d">Codice autore testo/musica SPICS: 13479</subfield>
    <subfield code="e">Autore testo/musica</subfield>
    <subfield code="p">Vecchia Roma</subfield>
    <subfield code="9">12543</subfield>
  </datafield>
  <datafield tag="700" ind1=" " ind2=" ">
    <subfield code="a">Gooldrose</subfield>
    <subfield code="d">Codice autore testo/musica SPICS: 27694</subfield>
    <subfield code="e">Autore testo/musica</subfield>
    <subfield code="p">Serenata trasteverina</subfield>
    <subfield code="9">12544</subfield>
  </datafield>
  <datafield tag="700" ind1=" " ind2=" ">
    <subfield code="a">De Cesare</subfield>
    <subfield code="d">Codice autore testo/musica SPICS: 27695</subfield>
    <subfield code="e">Autore testo/musica</subfield>
    <subfield code="p">La ciociara</subfield>
    <subfield code="9">12545</subfield>
  </datafield>
  <datafield tag="700" ind1=" " ind2=" ">
    <subfield code="a">Carlucci</subfield>
    <subfield code="d">Codice autore testo/musica SPICS: 27696</subfield>
    <subfield code="e">Autore testo/musica</subfield>
    <subfield code="p">La ricciarola</subfield>
    <subfield code="9">12546</subfield>
  </datafield>
  <datafield tag="700" ind1=" " ind2=" ">
    <subfield code="a">Granelli Luigi</subfield>
    <subfield code="d">Codice autore musica SPICS: 13019</subfield>
    <subfield code="e">Autore musica</subfield>
    <subfield code="p">La ballata del carcerato - Stornelli a la fiumana</subfield>
    <subfield code="9">12547</subfield>
  </datafield>
  <datafield tag="700" ind1=" " ind2=" ">
    <subfield code="a">Marino A.</subfield>
    <subfield code="d">Codice autore musica SPICS: 14224</subfield>
    <subfield code="e">Autore musica</subfield>
    <subfield code="p">Nina se voi dormite</subfield>
    <subfield code="9">12548</subfield>
  </datafield>
  <datafield tag="700" ind1=" " ind2=" ">
    <subfield code="a">Leonardi Corrado</subfield>
    <subfield code="d">Codice autore testo/musica SPICS: 17104</subfield>
    <subfield code="e">Autore musica</subfield>
    <subfield code="p">Nina se voi dormite</subfield>
    <subfield code="9">12549</subfield>
  </datafield>
  <datafield tag="942" ind1=" " ind2=" ">
    <subfield code="c">MD</subfield>
    <subfield code="2">ddc</subfield>
  </datafield>
  <datafield tag="952" ind1=" " ind2=" ">
    <subfield code="0">0</subfield>
    <subfield code="1">0</subfield>
    <subfield code="4">0</subfield>
    <subfield code="6">25612_000000000000000</subfield>
    <subfield code="7">1</subfield>
    <subfield code="a">SPICS</subfield>
    <subfield code="b">SPICS</subfield>
    <subfield code="d">2013-10-25</subfield>
    <subfield code="l">0</subfield>
    <subfield code="o">25612</subfield>
    <subfield code="r">2013-10-25 00:00:00</subfield>
    <subfield code="w">2013-10-25</subfield>
    <subfield code="y">MD</subfield>
    <subfield code="z">Progr. Ins.: 5486 / N.Vol.: 1 / Copie: 1 - Copia rara: n.d. / date import: 01.01.2014 - By Epidotti, Trombetti, Vaglietti</subfield>
  </datafield>
</record>
